Catálogo de las exposiciones de arte en 1955 (Record no. 5391)

MARC details
000 -CABECERA
campo de control de longitud fija 00853nam a2200241 a 4500
001 - NÚMERO DE CONTROL
campo de control BRCA_5698
005 - FECHA Y HORA DE LA ÚLTIMA TRANSACCIÓN
campo de control 20190320205203.0
008 - DATOS DE LONGITUD FIJA--INFORMACIÓN GENERAL
campo de control de longitud fija 020311m19561971mx-a#####c---#000-0#spa-#
041 ## - CÓDIGO DE LENGUA
Código de lengua del texto/banda sonora o título independiente spa
044 ## - CÓDIGO DEL PAÍS DE LA ENTIDAD EDITORA/PRODUCTORA
Código MARC del país mx
050 #4 - SIGNATURA TOPOGRÁFICA DE LA BIBLIOTECA DEL CONGRESO
Número de clasificación N5030
Número de documento/Ítem .F47 1956
100 1# - ENTRADA PRINCIPAL--NOMBRE DE PERSONA
Nombre de persona Fernández, Justino
Fechas asociadas al nombre 1904-1972
9 (RLIN) 6551
245 10 - MENCIÓN DE TÍTULO
Título Catálogo de las exposiciones de arte en 1955
Resto del título Anales del Instituto de Investigaciones Estéticas
Mención de responsabilidad, etc. Justino Fernández.
260 ## - PUBLICACIÓN, DISTRIBUCIÓN, ETC.
Lugar de publicación, distribución, etc. México
Nombre del editor, distribuidor, etc. UNAM, Instituto de Investigaciones Estéticas
Fecha de publicación, distribución, etc. 1956-1971
300 ## - DESCRIPCIÓN FÍSICA
Extensión 3 fasc.
Otras características físicas il.
500 ## - NOTA GENERAL
Nota general También se tiene 1969 y 1970
500 ## - NOTA GENERAL
Nota general H21
505 0# - NOTA DE CONTENIDO CON FORMATO
Nota de contenido con formato Contenido: Fasc.1. N.24, 1956. -- Fasc.2. N.39, 1970. -- Fasc.3. N.40, 1971
650 14 - PUNTO DE ACCESO ADICIONAL DE MATERIA--TÉRMINO DE MATERIA
Término de materia o nombre geográfico como elemento de entrada Coleccionistas y colecciones
Subdivisión geográfica México
9 (RLIN) 14474
710 2# - PUNTO DE ACCESO ADICIONAL--NOMBRE DE ENTIDAD CORPORATIVA
Nombre de entidad corporativa o nombre de jurisdicción como elemento de entrada Instituto de Investigaciones Estéticas
9 (RLIN) 11544
902 ## - CATALOGADOR
Iniciales GFM
942 ## - ELEMENTOS DE PUNTO DE ACCESO ADICIONAL (KOHA)
Fuente del sistema de clasificación o colocación Library of Congress Classification
Tipo de ítem Koha Libros
Holdings
Estado de retiro Estado de pérdida Estado dañado No para préstamo Localización permanente Ubicación/localización actual Fecha de adquisición Número de inventario Total de préstamos Signatura topográfica completa Código de barras Fecha visto por última vez Precio válido a partir de Tipo de ítem Koha
El ejemplar forma parte de la colección y puede ser consultado según las políticas vigentes.       Biblioteca del Museo Franz Mayer (Rogerio Casas-Alatriste) Biblioteca del Museo Franz Mayer (Rogerio Casas-Alatriste) 02/03/2011 H21   N5030 .F47 1956 (H21) 6134 22/03/2019 22/03/2019 Libros